000 00986pam a2200289 a 4500
001 2897152
003 ARRUPE
005 20150515105923.0
008 870720s1987 nju b 001 0 eng
010 _a 87045527
020 _a069107318X (alk. paper) :
_c$65.00
020 _a0691020450 (alk. paper : pbk.) :
_c$14.50
040 _aDLC
_cDLC
_dDLC
050 0 0 _aB67
_b.M53 1987
082 0 0 _a121
_219
100 1 _aMiller, Richard W.,
_d1945-
_917811
245 1 0 _aFact and method :
_bexplanation, confirmation and reality in the natural and the social sciences /
_cRichard W. Miller.
260 _aPrinceton, N.J. :
_bPrinceton University Press,
_cc1987.
300 _aix, 611 p. ;
_c25 cm.
504 _aIncludes bibliographical references and index.
650 0 _aScience
_xPhilosophy.
_917812
650 0 _aCausation.
_917813
650 0 _aRealism.
_911315
650 0 _aPositivism.
_92396
906 _a7
_bcbc
_corignew
_d1
_eocip
_f19
_gy-gencatlg
942 _2lcc
_cMONOGRAPH
999 _c122839
_d122839